The changing high school curriculum : (Record no. 128276)

MARC details
000 -LEADER
fixed length control field 00774nam a22002417a 4500
005 - DATE AND TIME OF LATEST TRANSACTION
control field 20170124110037.0
010 ## - LIBRARY OF CONGRESS CONTROL NUMBER
LC control number A-828642
020 ## - INTERNATIONAL STANDARD BOOK NUMBER
Terms of availability 00.00
International Standard Book Number 0030842433
035 ## - SYSTEM CONTROL NUMBER
System control number A-828642
037 ## - SOURCE OF ACQUISITION
Source of stock number/acquisition Cen Lib/Ret
040 ## - CATALOGING SOURCE
Original cataloging agency DPL
Language of cataloging EN
082 ## - DEWEY DECIMAL CLASSIFICATION NUMBER
Classification number 373.1
Item number ALE
100 ## - MAIN ENTRY--PERSONAL NAME
Personal name Alexander, William M.
9 (RLIN) 22903
245 ## - TITLE STATEMENT
Title The changing high school curriculum :
Statement of responsibility, etc by William M. Alexander
Remainder of title readings /
250 ## - EDITION STATEMENT
Edition statement 2nd ed
260 ## - PUBLICATION, DISTRIBUTION, ETC. (IMPRINT)
Place of publication, distribution, etc New York
Name of publisher, distributor, etc Holt, Rinehart and Winsto
Date of publication, distribution, etc 1972
270 ## - ADDRESS
City New York
300 ## - PHYSICAL DESCRIPTION
Extent xii,532p.
Dimensions 21cm(Hb)
500 ## - GENERAL NOTE
General note Includes bibliographical references and index<br/><br/>
650 ## - SUBJECT ADDED ENTRY--TOPICAL TERM
Topical term or geographic name as entry element Education, Secondary -- Curricula
9 (RLIN) 22904
650 ## - SUBJECT ADDED ENTRY--TOPICAL TERM
Topical term or geographic name as entry element Education, Secondary--Curricula--Evaluation
9 (RLIN) 22905
942 ## - ADDED ENTRY ELEMENTS (KOHA)
Source of classification or shelving scheme Dewey Decimal Classification
Koha item type English Books
Classification part 373.1
Call number suffix ALE
Holdings
Withdrawn status Lost status Damaged status Not for loan Home library Current library Date acquired Source of acquisition Cost, normal purchase price Total Checkouts Full call number Barcode Date last seen Copy number Cost, replacement price Price effective from Koha item type Public note
Written off       Central Library Central Library 02/07/2015 Cen Lib/Ret 0.00   373.1 ALE A-828642 02/07/2015 1 0.00 15/09/2016 English Books Written off on approval by DLB (By Circulation); dtd 15-06-2023

© Delhi Public Library
Hit Counter
free hit counter